[Event "Bunratty Masters op 22nd"]
[Site "Bunratty"]
[Date "2015.02.21"]
[Round "3"]
[White "Benson, Oisin P"]
[Black "O'Donnell, Conor"]
[Result "1-0"]
[WhiteElo "2019"]
[BlackElo "2190"]
[PlyCount "85"]
[EventDate "2015.02.20"]
[EventType "swiss"]
[EventRounds "6"]
[EventCountry "IRL"]
[SourceTitle "CBM 165 Extra"]
[Source "ChessBase"]
[SourceDate "2015.04.21"]
[SourceVersion "1"]
[SourceVersionDate "2015.04.21"]
[SourceQuality "1"]

1. d4 Nf6 2. c4 c6 3. Nc3 d5 4. Nf3 a6 5. e3 Bf5 6. Qb3 b5 7. c5 a5 8. Nh4 a4 9. Nxa4 Rxa4 10. Nxf5 Nbd7 11. f4 Ne4 12. Bd3 Ndf6 13. 0-0 h5 14. Bxb5 cxb5 15. Qxb5+ Qd7 16. c6 Qc8 17. Qxa4 h4 18. g3 hxg3 19. c7+ Nd7 20. Nxg3 Nef6 21. Rf2 e6 22. Rc2 Bd6 23. Qc6 Ke7 24. Bd2 Ng4 25. Nf1 g5 26. Bc1 Ndf6 27. a4 Rg8 28. Ng3 Nxe3 29. Bxe3 gxf4 30. Bxf4 Bxf4 31. Ra3 Ne4 32. Kg2 Rh8 33. Rb3 Bxg3 34. Rxg3 Nxg3 35. hxg3 e5 36. Qc5+ Ke8 37. Qb5+ Ke7 38. Qb4+ Ke6 39. dxe5 Kxe5 40. Qf4+ Ke6 41. Rc6+ Ke7 42. Qd6+ Ke8 43. Qxd5 1-0

[Event "Groningen op 52nd"]
[Site "Groningen"]
[Date "2014.12.22"]
[Round "2"]
[White "Den Hartog, Marijn"]
[Black "Benson, Oisin P"]
[Result "1/2-1/2"]
[WhiteElo "2150"]
[BlackElo "2010"]
[PlyCount "101"]
[EventDate "2014.12.21"]
[EventType "swiss"]
[EventRounds "9"]
[EventCountry "NED"]
[SourceTitle "CBM 164 Extra"]
[Source "ChessBase"]
[SourceDate "2015.03.02"]
[SourceVersion "1"]
[SourceVersionDate "2015.03.02"]
[SourceQuality "1"]

1. c4 Nf6 2. d4 g6 3. Nc3 Bg7 4. Bg5 h6 5. Bh4 d6 6. e3 0-0 7. Be2 c5 8. Nf3 b6 9. 0-0 Nbd7 10. h3 Bb7 11. d5 Ne5 12. Nh2 a6 13. f4 Ned7 14. e4 Qc7 15. Bg3 Nh7 16. Qd3 Rfe8 17. Rae1 e6 18. dxe6 Rxe6 19. Bg4 Re7 20. f5 Ne5 21. Bxe5 Bxe5 22. Nd5 Bd4+ 23. Kh1 Bxd5 24. exd5 g5 25. Nf3 Rxe1 26. Rxe1 Bxb2 27. h4 Bf6 28. hxg5 hxg5 29. Nd2 Kg7 30. Ne4 Re8 31. Re3 Bd4 32. f6+ Nxf6 33. Nxf6 Rxe3 34. Qxe3 Bxf6 35. Qe8 Qe7 36. Qxe7 Bxe7 37. Bc8 a5 38. Bd7 Kf6 39. a4 Ke5 40. Kh2 f5 41. Kg1 Ke4 42. Kf2 Bf6 43. g3 Kd3 44. Bb5 Bd4+ 45. Kf3 Kd2 46. g4 f4 47. Bd7 Bf6 48. Bc6 Kc3 49. Bb5 Kb3 50. Ke2 Kc3 51. Kf3 1/2-1/2

[Event "IRL-ch"]
[Site "Dublin"]
[Date "2014.07.08"]
[Round "4"]
[White "Benson, Oisin P"]
[Black "Reynolds, Pat"]
[Result "1-0"]
[WhiteElo "2040"]
[BlackElo "1990"]
[PlyCount "63"]
[EventDate "2014.07.05"]
[EventType "swiss"]
[EventRounds "9"]
[EventCountry "IRL"]
[SourceTitle "CBM 161 Extra"]
[Source "ChessBase"]
[SourceDate "2014.08.29"]
[SourceVersion "1"]
[SourceVersionDate "2014.08.29"]
[SourceQuality "1"]

1. d4 Nf6 2. c4 c5 3. d5 b5 4. cxb5 e6 5. Nc3 exd5 6. Nxd5 Bb7 7. Nxf6+ Qxf6 8. Nf3 d5 9. g3 Bd6 10. Bg2 h6 11. 0-0 Nd7 12. Rb1 0-0 13. b3 Rfe8 14. Bb2 d4 15. e3 Ne5 16. Nxe5 Bxg2 17. Kxg2 Bxe5 18. f4 Bc7 19. exd4 Rad8 20. Qc2 cxd4 21. Qxc7 Rc8 22. Qxa7 Re2+ 23. Rf2 Rxf2+ 24. Kxf2 Rc2+ 25. Kg1 Qe6 26. Qxd4 f6 27. Rd1 Qe2 28. Qd5+ Kh8 29. Qd8+ Kh7 30. Qd3+ Qxd3 31. Rxd3 Rxb2 32. b6 1-0

[Event "Bunratty Masters op 19th"]
[Site "Bunratty"]
[Date "2012.02.19"]
[Round "6"]
[White "Magee, Ronan"]
[Black "Benson, Oisin P"]
[Result "0-1"]
[WhiteElo "1948"]
[BlackElo "2005"]
[PlyCount "52"]
[EventDate "2012.02.17"]
[EventType "swiss"]
[EventRounds "6"]
[EventCountry "IRL"]
[SourceTitle "CBM 146 Extra"]
[Source "ChessBase"]
[SourceDate "2012.02.29"]
[SourceVersion "1"]
[SourceVersionDate "2012.02.29"]
[SourceQuality "1"]

1. e4 c5 2. c3 Nf6 3. e5 Nd5 4. d4 cxd4 5. Nf3 Nc6 6. cxd4 d6 7. Bc4 Nb6 8. Bb3 d5 9. 0-0 Bg4 10. Be3 e6 11. Nbd2 Be7 12. h3 Bh5 13. Rc1 Rc8 14. a3 0-0 15. Ba2 Na5 16. b4 Nac4 17. Nxc4 dxc4 18. Rc3 Qd5 19. g4 Bg6 20. Nd2 a5 21. b5 Qxb5 22. Qc1 Bd3 23. Re1 Nd5 24. Bxc4 Nxc3 25. Bxb5 Ne2+ 26. Kg2 Rxc1 0-1

[Event "IRL-ch e2e4"]
[Site "Dublin"]
[Date "2011.07.02"]
[Round "1"]
[White "Twomey, Pat"]
[Black "Benson, Oisin P"]
[Result "0-1"]
[WhiteElo "1881"]
[BlackElo "2003"]
[PlyCount "80"]
[EventDate "2011.07.02"]
[EventType "swiss"]
[EventRounds "9"]
[EventCountry "IRL"]
[SourceTitle "CBM 143 Extra"]
[Source "ChessBase"]
[SourceDate "2011.08.29"]
[SourceVersion "1"]
[SourceVersionDate "2011.08.29"]
[SourceQuality "1"]

1. e3 Nf6 2. c4 g6 3. Nc3 Bg7 4. Be2 0-0 5. Nf3 c5 6. d4 b6 7. 0-0 d6 8. Qc2 Bb7 9. d5 Nbd7 10. e4 Ng4 11. h3 Nge5 12. Nxe5 Nxe5 13. Be3 a6 14. a4 Qc7 15. Qd2 Rad8 16. f4 Nd7 17. h4 e6 18. h5 exd5 19. exd5 f5 20. g4 Nf6 21. hxg6 hxg6 22. g5 Ne8 23. Bf2 Qd7 24. Kg2 Nc7 25. Bd3 b5 26. cxb5 Bxc3 27. bxc3 Bxd5+ 28. Kg3 axb5 29. axb5 c4 30. b6 Na6 31. Bd4 cxd3 32. Rh1 Bxh1 33. Rxh1 Nc5 34. Rh8+ Kf7 35. Rh7+ Ke6 36. Rxd7 Ne4+ 37. Kg2 Nxd2 38. Rg7 Nc4 39. Rxg6+ Kd5 40. Kf3 d2 0-1

[Event "IRL-ch"]
[Site "Dublin"]
[Date "2010.07.10"]
[Round "8"]
[White "Benson, Oisin P"]
[Black "Keogh, Eamon"]
[Result "1/2-1/2"]
[WhiteElo "2062"]
[BlackElo "2047"]
[PlyCount "78"]
[EventDate "2010.07.03"]
[EventType "swiss"]
[EventRounds "9"]
[EventCountry "IRL"]
[SourceTitle "CBM 137 Extra"]
[Source "ChessBase"]
[SourceDate "2010.09.01"]
[SourceVersion "1"]
[SourceVersionDate "2010.09.01"]
[SourceQuality "1"]

1. d4 d5 2. c4 e6 3. Nc3 Nf6 4. cxd5 exd5 5. Bg5 Be7 6. Qc2 0-0 7. e3 h6 8. Bh4 b6 9. Bd3 Bb7 10. Nf3 c5 11. b3 Nc6 12. a3 Na5 13. 0-0 Ne4 14. Bxe7 Qxe7 15. Ne5 Rac8 16. Nxd5 Bxd5 17. Bxe4 cxd4 18. Bh7+ Kh8 19. Qf5 Nxb3 20. Rad1 Be6 21. Qe4 dxe3 22. fxe3 Nc5 23. Qb1 Bb3 24. Nd7 Nxd7 25. Qxb3 Kxh7 26. Qd3+ Kg8 27. Qxd7 Qxe3+ 28. Kh1 Qc3 29. Qxa7 Ra8 30. Qb7 Qxa3 31. Qxb6 Qa6 32. Qc7 Ra7 33. Qe5 Qb7 34. Rf3 Qe7 35. Qd4 Re8 36. h3 Ra2 37. Rdf1 f6 38. Qg4 Re2 39. Rxf6 Re1 1/2-1/2

[Event "San Sebastian op 33rd"]
[Site "San Sebastian"]
[Date "2010.03.29"]
[Round "2"]
[White "Ledger, Andrew"]
[Black "Benson, Oisin P"]
[Result "0-1"]
[WhiteElo "2431"]
[BlackElo "2065"]
[PlyCount "104"]
[EventDate "2010.03.28"]
[EventType "swiss"]
[EventRounds "9"]
[EventCountry "ESP"]
[SourceTitle "CBM 135 Extra"]
[Source "ChessBase"]
[SourceDate "2010.05.04"]
[SourceVersion "1"]
[SourceVersionDate "2010.05.04"]
[SourceQuality "1"]

1. Nf3 Nf6 2. c4 g6 3. g3 Bg7 4. Bg2 0-0 5. 0-0 d6 6. d4 Nbd7 7. Nc3 e5 8. e4 exd4 9. Nxd4 Ne5 10. b3 a6 11. f4 Ned7 12. Bb2 Re8 13. Qd2 Rb8 14. Rad1 Nc5 15. Rde1 Ncd7 16. h3 c5 17. Nc2 b5 18. cxb5 axb5 19. Qxd6 Re6 20. Qd2 b4 21. Nd1 Bb7 22. e5 Ne8 23. Nce3 Bxg2 24. Qxg2 Qa5 25. Ba1 Nb6 26. Re2 Rc8 27. Nc4 Nxc4 28. bxc4 Rd8 29. Rd2 Rxd2 30. Qxd2 Nd6 31. Ne3 Ne4 32. Qg2 f5 33. exf6 Nxf6 34. Nd5 Qa3 35. Rd1 Nxd5 36. cxd5 Re3 37. Kh2 Bxa1 38. Rxa1 Qd3 39. Rf1 c4 40. Rf2 c3 41. h4 Re1 42. d6 Qxd6 43. f5 Rd1 44. Qa8+ Qd8 45. Qe4 Rd2 46. Qe6+ Kf8 47. Kg1 Rxf2 48. Kxf2 c2 49. fxg6 hxg6 50. Qe5 c1Q 51. Qh8+ Ke7 52. Qg7+ Ke6 0-1

[Event "Bunratty Masters op 17th"]
[Site "Bunratty"]
[Date "2010.02.19"]
[Round "6"]
[White "Benson, Oisin P"]
[Black "Zulkipli, Zaidan"]
[Result "0-1"]
[WhiteElo "2065"]
[BlackElo "1998"]
[PlyCount "100"]
[EventDate "2010.02.19"]
[EventType "swiss"]
[EventRounds "6"]
[EventCountry "IRL"]
[SourceTitle "CBM 135 Extra"]
[Source "ChessBase"]
[SourceDate "2010.05.04"]
[SourceVersion "1"]
[SourceVersionDate "2010.05.04"]
[SourceQuality "1"]

1. d4 d6 2. Nf3 g6 3. Bf4 Bg7 4. c4 Nf6 5. Nc3 0-0 6. h3 c6 7. e3 Qa5 8. Qc2 Bf5 9. Bd3 Bxd3 10. Qxd3 Nbd7 11. 0-0 Rfe8 12. Qc2 h6 13. Rab1 Nf8 14. b4 Qh5 15. Ne2 g5 16. Bh2 Qg6 17. Qxg6 Nxg6 18. c5 Ne4 19. Ng3 Nc3 20. Rb3 Na4 21. Ra3 b5 22. Nf5 dxc5 23. Nxg7 Kxg7 24. bxc5 f6 25. Rc1 a6 26. e4 Red8 27. Rd3 Nb2 28. Rd2 Nc4 29. Rdd1 Rac8 30. Rc2 Kf7 31. a4 Nf8 32. axb5 axb5 33. Rd3 Ne6 34. Rcc3 h5 35. g4 h4 36. Kf1 Ra8 37. Ke2 Ra2+ 38. Kf1 Raa8 39. Ke2 Ra4 40. Rc2 Ra1 41. Rcc3 Ke8 42. e5 Rd5 43. exf6 exf6 44. Bd6 Nxd6 45. cxd6 Nf4+ 46. Ke3 Rxd6 47. Rd2 Nd5+ 48. Kd3 Nxc3 49. Kxc3 Ra3+ 50. Kb4 Rxf3 0-1